<?xml version="1.0" encoding="UTF-8"?><?xml-stylesheet type="text/xsl" href="static/style.xsl"?><OAI-PMH xmlns="http://www.openarchives.org/OAI/2.0/" xmlns:xsi="http://www.w3.org/2001/XMLSchema-instance" xsi:schemaLocation="http://www.openarchives.org/OAI/2.0/ http://www.openarchives.org/OAI/2.0/OAI-PMH.xsd"><responseDate>2026-04-16T22:29:22Z</responseDate><request verb="GetRecord" identifier="oai:www.recercat.cat:10459.1/65383" metadataPrefix="marc">https://recercat.cat/oai/request</request><GetRecord><record><header><identifier>oai:recercat.cat:10459.1/65383</identifier><datestamp>2024-12-05T22:21:36Z</datestamp><setSpec>com_2072_3622</setSpec><setSpec>col_2072_479130</setSpec></header><metadata><record xmlns="http://www.loc.gov/MARC21/slim" xmlns:dcterms="http://purl.org/dc/terms/" xmlns:xsi="http://www.w3.org/2001/XMLSchema-instance" xmlns:doc="http://www.lyncode.com/xoai" xsi:schemaLocation="http://www.loc.gov/MARC21/slim http://www.loc.gov/standards/marcxml/schema/MARC21slim.xsd">
   <leader>00925njm 22002777a 4500</leader>
   <datafield ind2=" " ind1=" " tag="042">
      <subfield code="a">dc</subfield>
   </datafield>
   <datafield ind2=" " ind1=" " tag="720">
      <subfield code="a">Castañer Balcells, Marta</subfield>
      <subfield code="e">author</subfield>
   </datafield>
   <datafield ind2=" " ind1=" " tag="720">
      <subfield code="a">Torrents Martín, Carlota</subfield>
      <subfield code="e">author</subfield>
   </datafield>
   <datafield ind2=" " ind1=" " tag="720">
      <subfield code="a">Anguera, M. Teresa</subfield>
      <subfield code="e">author</subfield>
   </datafield>
   <datafield ind2=" " ind1=" " tag="720">
      <subfield code="a">Dinušová Tomagová, Mária</subfield>
      <subfield code="e">author</subfield>
   </datafield>
   <datafield ind2=" " ind1=" " tag="260">
      <subfield code="c">2018-12-20T10:30:24Z</subfield>
   </datafield>
   <datafield ind2=" " ind1=" " tag="260">
      <subfield code="c">2018-12-20T10:30:24Z</subfield>
   </datafield>
   <datafield ind2=" " ind1=" " tag="260">
      <subfield code="c">2009</subfield>
   </datafield>
   <datafield ind2=" " ind1=" " tag="520">
      <subfield code="a">La Danza y la Expresión Corporal son disciplinas que promueven la continua generación de acciones motrices diversas y singularizadas y es por ello que se reclama la creación de sistemas de categorías específicos para su observación y análisis. En este artículo exponemos tres estudios que nos han permitido elaborar, mediante la metodología observacional, tres sistemas de categorías de un modo progresivo y ad hoc a estas disciplinas. Los tres forman parte de una investigación institucional de la AGAUR (INEFCP). Si el objeto de estudio es la capacidad de generar respuestas motrices singularizadas, las dimensiones, según la especificidad de cada sistema, están estructuradas desde tres niveles de análisis: el primero con relación a las fases de todo proceso creativo (Guildford, 1970); el segundo con relación a las habilidades motrices a partir del sistema de observación OSMOS (Castañer, Torrents, Dinušová, Anguera, 2008), y, el tercero con relación a las dimensiones de los contextos naturales (Anguera, 2005) y, en concreto de la Danza (Laban, 1988). La codificación se ha realizado mediante el software Match Vision Studio (Perea, Ezpeleta, Castellano, 2004).</subfield>
   </datafield>
   <datafield ind2=" " ind1=" " tag="520">
      <subfield code="a">Dance and Expressive Movement promote thinking divergently and the ongoing generation of diverse motor actions. The creation of specific categories systems can be an useful tool for its observation and analysis. In this paper we present three studies based on three categories systems. These have been created by means of the observational methodology in a progressive way and ad hoc to these disciplines. The three studies are part of an institutional research of the AGAUR (INEFCP). The aim of the studies is to analyse the generation of motor answers, and the dimensions of the categories systems are created following three different viewpoints: one related to the phases of the creative process (Guildford, 1970); another related to the motor abilities described in the observational system of Motor Skills (OSMOS) (Castañer, Torrents, Dinušová, Anguera, 2008); and the dimensions of the natural contexts (Anguera, 2005) and specially (Laban 1988). The code has been carried out by means of the software Match Vision Studio (Perea, Ezpeleta, Castellano, 2004).</subfield>
   </datafield>
   <datafield ind1="8" ind2=" " tag="024">
      <subfield code="a">http://hdl.handle.net/10459.1/65383</subfield>
   </datafield>
   <datafield tag="653" ind2=" " ind1=" ">
      <subfield code="a">Respuestas motrices</subfield>
   </datafield>
   <datafield tag="653" ind2=" " ind1=" ">
      <subfield code="a">Habilidades motrices</subfield>
   </datafield>
   <datafield tag="653" ind2=" " ind1=" ">
      <subfield code="a">Danza Contemporánea</subfield>
   </datafield>
   <datafield tag="653" ind2=" " ind1=" ">
      <subfield code="a">Danza Contact-Improvisation</subfield>
   </datafield>
   <datafield ind2="0" ind1="0" tag="245">
      <subfield code="a">Instrumentos de observación ad hoc para el análisis de las acciones motrices en Danza Contemporánea, Expresión Corporal y Danza Contact-Improvisation</subfield>
   </datafield>
</record></metadata></record></GetRecord></OAI-PMH>